| 000 | 003460000a22001450004500 | ||
|---|---|---|---|
| 003 | MACL | ||
| 040 | _aMACL | ||
| 090 |
_c3117 _d3117 |
||
| 100 | _aCrooke W. | ||
| 245 | _aAn Introduction Popular Religion and folk Lore of Northern India | ||
| 260 |
_bAsian Educational Services _c1994 |
||
| 350 | _a495 | ||
| 650 | _aSociology | ||
| 942 |
_cBOOK _k300 |
||
| 999 |
_c3095 _d3095 |
||